<?xml version="1.0" encoding="UTF-8"?>
<record
    xmlns:xsi="http://www.w3.org/2001/XMLSchema-instance"
    xsi:schemaLocation="http://www.loc.gov/MARC21/slim http://www.loc.gov/standards/marcxml/schema/MARC21slim.xsd"
    xmlns="http://www.loc.gov/MARC21/slim">

  <leader>01278nam a2200241Ia 4500</leader>
  <controlfield tag="003">Ost</controlfield>
  <controlfield tag="005">20260507075337.0</controlfield>
  <controlfield tag="008">260507s9999||||xx |||||||||||||| ||und||</controlfield>
  <datafield tag="020" ind1=" " ind2=" ">
    <subfield code="a">41633399579</subfield>
  </datafield>
  <datafield tag="040" ind1=" " ind2=" ">
    <subfield code="c">fsecg</subfield>
  </datafield>
  <datafield tag="041" ind1=" " ind2=" ">
    <subfield code="a">ara</subfield>
  </datafield>
  <datafield tag="082" ind1=" " ind2=" ">
    <subfield code="a">330</subfield>
  </datafield>
  <datafield tag="100" ind1=" " ind2=" ">
    <subfield code="a">&#x627;&#x644;&#x646;&#x639;&#x64A;&#x645;&#x64A;&#x60C; &#x645;&#x62D;&#x645;&#x62F; &#x639;&#x628;&#x62F; &#x627;&#x644;&#x639;&#x627;&#x644;</subfield>
    <subfield code="e">&#x645;&#x624;&#x644;&#x641;</subfield>
  </datafield>
  <datafield tag="245" ind1=" " ind2="0">
    <subfield code="a">&#x637;&#x631;&#x642; &#x648; &#x645;&#x646;&#x627;&#x647;&#x62C; &#x627;&#x644;&#x628;&#x62D;&#x62B; &#x627;&#x644;&#x639;&#x644;&#x645;&#x64A; /</subfield>
    <subfield code="c"> &#x645;&#x62D;&#x645;&#x62F; &#x639;&#x628;&#x62F; &#x627;&#x644;&#x639;&#x627;&#x644; &#x627;&#x644;&#x646;&#x639;&#x64A;&#x645;&#x64A;</subfield>
  </datafield>
  <datafield tag="260" ind1=" " ind2=" ">
    <subfield code="a">&#x639;&#x645;&#x627;&#x646;: </subfield>
    <subfield code="b">&#x645;&#x624;&#x633;&#x633;&#x629; &#x627;&#x644;&#x648;&#x631;&#x627;&#x642;, </subfield>
    <subfield code="c">2009</subfield>
  </datafield>
  <datafield tag="300" ind1=" " ind2=" ">
    <subfield code="a">485  &#x635;&#x641;&#x62D;&#x629;&#x61B; </subfield>
    <subfield code="b">&#x625;&#x64A;&#x636;&#x627;&#x62D;&#x627;&#x62A; &#x61B;</subfield>
    <subfield code="c">25 &#x633;&#x645;</subfield>
  </datafield>
  <datafield tag="520" ind1=" " ind2=" ">
    <subfield code="a">&#x627;&#x644;&#x639;&#x644;&#x645; &#x648; &#x627;&#x644;&#x628;&#x62D;&#x62B; &#x627;&#x644;&#x639;&#x644;&#x645;&#x64A; &#x648; &#x627;&#x644;&#x639;&#x646;&#x627;&#x635;&#x631; &#x627;&#x644;&#x623;&#x633;&#x627;&#x633;&#x64A;&#x629; &#x644;&#x62E;&#x637;&#x629; &#x627;&#x644;&#x628;&#x62D;&#x62B; &#x648; &#x645;&#x643;&#x648;&#x646;&#x627;&#x62A; &#x627;&#x644;&#x62A;&#x642;&#x631;&#x64A;&#x631; &#x627;&#x644;&#x646;&#x647;&#x627;&#x626;&#x64A;&#x60C; &#x627;&#x644;&#x639;&#x64A;&#x646;&#x627;&#x62A; &#x648; &#x627;&#x62E;&#x62A;&#x64A;&#x627;&#x631; &#x627;&#x644;&#x641;&#x631;&#x636;&#x64A;&#x627;&#x62A; &#x648; &#x62A;&#x637;&#x648;&#x64A;&#x631; &#x627;&#x62F;&#x648;&#x627;&#x62A; &#x627;&#x644;&#x628;&#x62D;&#x62B; &#x648; &#x62A;&#x635;&#x645;&#x64A;&#x645; &#x627;&#x644;&#x62A;&#x62C;&#x627;&#x631;&#x628; &#x641;&#x64A; &#x627;&#x644;&#x628;&#x62D;&#x62B; &#x627;&#x644;&#x639;&#x644;&#x645;&#x64A; &#x648; &#x623;&#x646;&#x648;&#x627;&#x639; &#x627;&#x644;&#x628;&#x62D;&#x62B; &#x627;&#x644;&#x639;&#x644;&#x645;&#x64A; &#x648; &#x645;&#x646;&#x647;&#x62C; &#x627;&#x644;&#x628;&#x62D;&#x62B; &#x627;&#x644;&#x62A;&#x627;&#x631;&#x64A;&#x62E;&#x64A; &#x648; &#x62A;&#x648;&#x62B;&#x64A;&#x642; &#x645;&#x635;&#x627;&#x62F;&#x631; &#x627;&#x644;&#x645;&#x639;&#x644;&#x648;&#x645;&#x627;&#x62A; &#x648; &#x643;&#x64A;&#x641;&#x64A;&#x629; &#x643;&#x62A;&#x627;&#x628;&#x629; &#x62A;&#x642;&#x631;&#x64A;&#x631; &#x627;&#x644;&#x628;&#x62B; &#x645;&#x639; &#x648;&#x62C;&#x648;&#x62F; &#x646;&#x645;&#x627;&#x630;&#x62C; &#x62E;&#x637; &#x631;&#x633;&#x627;&#x626;&#x644; &#x645;&#x627;&#x62C;&#x633;&#x62A;&#x64A;&#x631;</subfield>
  </datafield>
  <datafield tag="653" ind1=" " ind2=" ">
    <subfield code="a">&#x627;&#x644;&#x628;&#x62D;&#x62B; &#x627;&#x644;&#x639;&#x644;&#x645;&#x64A;</subfield>
  </datafield>
  <datafield tag="653" ind1=" " ind2=" ">
    <subfield code="a">&#x627;&#x644;&#x628;&#x62D;&#x648;&#x62B;</subfield>
  </datafield>
  <datafield tag="653" ind1=" " ind2=" ">
    <subfield code="a">&#x637;&#x631;&#x642; &#x627;&#x644;&#x628;&#x62D;&#x62B;</subfield>
  </datafield>
  <datafield tag="700" ind1=" " ind2=" ">
    <subfield code="a">&#x627;&#x644;&#x628;&#x64A;&#x62A;&#x627;&#x646;&#x64A;&#x60C; &#x62A;&#x648;&#x641;&#x64A;&#x642; &#x639;&#x628;&#x62F; &#x627;&#x644;&#x62C;&#x628;&#x627;&#x631;</subfield>
    <subfield code="e">&#x645;&#x624;&#x644;&#x641; &#x62B;&#x627;&#x646;&#x648;&#x64A;</subfield>
  </datafield>
  <datafield tag="942" ind1=" " ind2=" ">
    <subfield code="c">&#x643;&#x62A;&#x627;&#x628;</subfield>
  </datafield>
  <datafield tag="952" ind1=" " ind2=" ">
    <subfield code="0">0</subfield>
    <subfield code="1">0</subfield>
    <subfield code="2">ddc</subfield>
    <subfield code="4">0</subfield>
    <subfield code="7">-1</subfield>
    <subfield code="a">fsecg</subfield>
    <subfield code="b">fsecg</subfield>
    <subfield code="d">2026-05-07</subfield>
    <subfield code="h">&#x627;&#x644;&#x637;&#x627;&#x628;&#x642; &#x627;&#x644;&#x623;&#x631;&#x636;&#x64A;</subfield>
    <subfield code="i">22655</subfield>
    <subfield code="l">0</subfield>
    <subfield code="o">&#x623;/4093&#x646;1</subfield>
    <subfield code="p">22655</subfield>
    <subfield code="r">2026-05-07 07:53:37</subfield>
    <subfield code="w">2026-05-07</subfield>
    <subfield code="y">&#x643;&#x62A;&#x627;&#x628;</subfield>
  </datafield>
  <datafield tag="952" ind1=" " ind2=" ">
    <subfield code="0">0</subfield>
    <subfield code="1">0</subfield>
    <subfield code="2">ddc</subfield>
    <subfield code="4">0</subfield>
    <subfield code="7">0</subfield>
    <subfield code="a">fsecg</subfield>
    <subfield code="b">fsecg</subfield>
    <subfield code="d">2026-05-07</subfield>
    <subfield code="h">&#x627;&#x644;&#x637;&#x627;&#x628;&#x642; &#x627;&#x644;&#x623;&#x631;&#x636;&#x64A;</subfield>
    <subfield code="i">22656</subfield>
    <subfield code="l">0</subfield>
    <subfield code="o">&#x623;/4093&#x646;2</subfield>
    <subfield code="p">22656</subfield>
    <subfield code="r">2026-05-07 07:53:37</subfield>
    <subfield code="w">2026-05-07</subfield>
    <subfield code="y">&#x643;&#x62A;&#x627;&#x628;</subfield>
  </datafield>
  <datafield tag="952" ind1=" " ind2=" ">
    <subfield code="0">0</subfield>
    <subfield code="1">0</subfield>
    <subfield code="2">ddc</subfield>
    <subfield code="4">0</subfield>
    <subfield code="7">0</subfield>
    <subfield code="a">fsecg</subfield>
    <subfield code="b">fsecg</subfield>
    <subfield code="d">2026-05-07</subfield>
    <subfield code="h">&#x627;&#x644;&#x637;&#x627;&#x628;&#x642; &#x627;&#x644;&#x623;&#x631;&#x636;&#x64A;</subfield>
    <subfield code="i">22657</subfield>
    <subfield code="l">0</subfield>
    <subfield code="o">&#x623;/4093&#x646;3</subfield>
    <subfield code="p">22657</subfield>
    <subfield code="r">2026-05-07 07:53:37</subfield>
    <subfield code="w">2026-05-07</subfield>
    <subfield code="y">&#x643;&#x62A;&#x627;&#x628;</subfield>
  </datafield>
  <datafield tag="952" ind1=" " ind2=" ">
    <subfield code="0">0</subfield>
    <subfield code="1">0</subfield>
    <subfield code="2">ddc</subfield>
    <subfield code="4">0</subfield>
    <subfield code="7">0</subfield>
    <subfield code="a">fsecg</subfield>
    <subfield code="b">fsecg</subfield>
    <subfield code="d">2026-05-07</subfield>
    <subfield code="h">&#x627;&#x644;&#x637;&#x627;&#x628;&#x642; &#x627;&#x644;&#x623;&#x631;&#x636;&#x64A;</subfield>
    <subfield code="i">22658</subfield>
    <subfield code="l">0</subfield>
    <subfield code="o">&#x623;/4093&#x646;4</subfield>
    <subfield code="p">22658</subfield>
    <subfield code="r">2026-05-07 07:53:37</subfield>
    <subfield code="w">2026-05-07</subfield>
    <subfield code="y">&#x643;&#x62A;&#x627;&#x628;</subfield>
  </datafield>
  <datafield tag="952" ind1=" " ind2=" ">
    <subfield code="0">0</subfield>
    <subfield code="1">0</subfield>
    <subfield code="2">ddc</subfield>
    <subfield code="4">0</subfield>
    <subfield code="7">0</subfield>
    <subfield code="a">fsecg</subfield>
    <subfield code="b">fsecg</subfield>
    <subfield code="d">2026-05-07</subfield>
    <subfield code="h">&#x627;&#x644;&#x637;&#x627;&#x628;&#x642; &#x627;&#x644;&#x623;&#x631;&#x636;&#x64A;</subfield>
    <subfield code="i">22659</subfield>
    <subfield code="l">0</subfield>
    <subfield code="o">&#x623;/4093&#x646;5</subfield>
    <subfield code="p">22659</subfield>
    <subfield code="r">2026-05-07 07:53:37</subfield>
    <subfield code="w">2026-05-07</subfield>
    <subfield code="y">&#x643;&#x62A;&#x627;&#x628;</subfield>
  </datafield>
  <datafield tag="952" ind1=" " ind2=" ">
    <subfield code="0">0</subfield>
    <subfield code="1">0</subfield>
    <subfield code="2">ddc</subfield>
    <subfield code="4">0</subfield>
    <subfield code="7">0</subfield>
    <subfield code="a">fsecg</subfield>
    <subfield code="b">fsecg</subfield>
    <subfield code="d">2026-05-07</subfield>
    <subfield code="h">&#x627;&#x644;&#x637;&#x627;&#x628;&#x642; &#x627;&#x644;&#x62B;&#x627;&#x646;&#x64A;</subfield>
    <subfield code="i">22660</subfield>
    <subfield code="l">0</subfield>
    <subfield code="o">&#x623;/4093&#x646;6</subfield>
    <subfield code="p">22660</subfield>
    <subfield code="r">2026-05-07 07:53:37</subfield>
    <subfield code="w">2026-05-07</subfield>
    <subfield code="y">&#x643;&#x62A;&#x627;&#x628;</subfield>
  </datafield>
  <datafield tag="952" ind1=" " ind2=" ">
    <subfield code="0">0</subfield>
    <subfield code="1">0</subfield>
    <subfield code="2">ddc</subfield>
    <subfield code="4">0</subfield>
    <subfield code="7">0</subfield>
    <subfield code="a">fsecg</subfield>
    <subfield code="b">fsecg</subfield>
    <subfield code="d">2026-05-07</subfield>
    <subfield code="h">&#x627;&#x644;&#x637;&#x627;&#x628;&#x642; &#x627;&#x644;&#x62B;&#x627;&#x646;&#x64A;</subfield>
    <subfield code="i">22661</subfield>
    <subfield code="l">0</subfield>
    <subfield code="o">&#x623;/4093&#x646;7</subfield>
    <subfield code="p">22661</subfield>
    <subfield code="r">2026-05-07 07:53:37</subfield>
    <subfield code="w">2026-05-07</subfield>
    <subfield code="y">&#x643;&#x62A;&#x627;&#x628;</subfield>
  </datafield>
  <datafield tag="952" ind1=" " ind2=" ">
    <subfield code="0">0</subfield>
    <subfield code="1">0</subfield>
    <subfield code="2">ddc</subfield>
    <subfield code="4">0</subfield>
    <subfield code="7">0</subfield>
    <subfield code="a">fsecg</subfield>
    <subfield code="b">fsecg</subfield>
    <subfield code="d">2026-05-07</subfield>
    <subfield code="h">&#x645;&#x643;&#x62A;&#x628;&#x629; &#x628;&#x646; &#x639;&#x643;&#x646;&#x648;&#x646;</subfield>
    <subfield code="i">22662</subfield>
    <subfield code="l">0</subfield>
    <subfield code="o">&#x623;/4093&#x646;8</subfield>
    <subfield code="p">22662</subfield>
    <subfield code="r">2026-05-07 07:53:37</subfield>
    <subfield code="w">2026-05-07</subfield>
    <subfield code="y">&#x643;&#x62A;&#x627;&#x628;</subfield>
  </datafield>
  <datafield tag="952" ind1=" " ind2=" ">
    <subfield code="0">0</subfield>
    <subfield code="1">0</subfield>
    <subfield code="2">ddc</subfield>
    <subfield code="4">0</subfield>
    <subfield code="7">0</subfield>
    <subfield code="a">fsecg</subfield>
    <subfield code="b">fsecg</subfield>
    <subfield code="d">2026-05-07</subfield>
    <subfield code="h">&#x645;&#x643;&#x62A;&#x628;&#x629; &#x628;&#x646; &#x639;&#x643;&#x646;&#x648;&#x646;</subfield>
    <subfield code="i">22663</subfield>
    <subfield code="l">0</subfield>
    <subfield code="o">&#x623;/4093&#x646;9</subfield>
    <subfield code="p">22663</subfield>
    <subfield code="r">2026-05-07 07:53:37</subfield>
    <subfield code="w">2026-05-07</subfield>
    <subfield code="y">&#x643;&#x62A;&#x627;&#x628;</subfield>
  </datafield>
  <datafield tag="999" ind1=" " ind2=" ">
    <subfield code="c">44059</subfield>
    <subfield code="d">44059</subfield>
  </datafield>
</record>
